| 000 | 00627nam a2200145Ia 4500 | ||
|---|---|---|---|
| 008 | 100415s9999 xx 000 0 und d | ||
| 082 |
_b13039 _a828 |
||
| 100 | _aBrown Kerry (ed.) | ||
| 245 | _aSacred earth dramas: an anthology of winning plays from the 1990 competition of the sacred eart drama trust | ||
| 260 |
_aLONDON _c1993 _bFABER & FABER |
||
| 365 | _b0 | ||
| 630 | _aSacred earth dramas: an anthology of winning plays from the 1990 competition of the sacred eart drama trust | ||
| 730 | _aSacred earth dramas: an anthology of winning plays from the 1990 competition of the sacred eart drama trust | ||
| 942 | _cBOOK | ||
| 999 |
_c595955 _d595952 |
||